Un estudio sobre la transferencia de tecnología en la industria mexicana del vestido (Registro nro. 26751)
[ vista simple ]
| 000 -LEADER | |
|---|---|
| fixed length control field | 00462 a2200133 4500 |
| 001 - CONTROL NUMBER | |
| control field | ART_13750 |
| 005 - DATE AND TIME OF LATEST TRANSACTION | |
| control field | 20260410161910.0 |
| 008 - FIXED-LENGTH DATA ELEMENTS--GENERAL INFORMATION | |
| fixed length control field | 260409a |
| 100 1# - MAIN ENTRY--PERSONAL NAME | |
| Personal name | Mercado García, Alfonso |
| 245 10 - TITLE STATEMENT | |
| Title | Un estudio sobre la transferencia de tecnología en la industria mexicana del vestido |
| 700 1# - ADDED ENTRY--PERSONAL NAME | |
| Personal name | Juárez Melo, Antonio |
| 700 1# - ADDED ENTRY--PERSONAL NAME | |
| Personal name | Aristy Melo, Jesús |
| 773 0# - HOST ITEM ENTRY | |
| Title | Demografía y economía |
| Related parts | - Vol. XIV, Nº42 (abr./jun. 1980) |
| Record control number | REV13200 |
No hay ítems disponibles.